Goods and service tax reports (Record no. 151699)

MARC details
000 -LEADER
fixed length control field 00344nam a22001337a 4500
005 - DATE AND TIME OF LATEST TRANSACTION
control field 20190822154340.0
008 - FIXED-LENGTH DATA ELEMENTS--GENERAL INFORMATION
fixed length control field 180423b xxu||||| |||| 00| 0 eng d
040 ## - CATALOGING SOURCE
Original cataloging agency dpl
245 ## - TITLE STATEMENT
Title Goods and service tax reports
260 ## - PUBLICATION, DISTRIBUTION, ETC. (IMPRINT)
Place of publication, distribution, etc Chennai
Name of publisher, distributor, etc Company Law Institute of India
300 ## - PHYSICAL DESCRIPTION
Extent v.
Dimensions 24 cm.
310 ## - CURRENT PUBLICATION FREQUENCY
Current publication frequency Monthly
942 ## - ADDED ENTRY ELEMENTS (KOHA)
Source of classification or shelving scheme Dewey Decimal Classification
Item type Periodicals
Call number suffix GOO
Serial record 1
Holdings
Withdrawn status Lost status Source of classification or shelving scheme Damaged status Not for loan Collection code Home library Current library Date acquired Total Checkouts Full call number Date last seen Price effective from Koha item type
    Dewey Decimal Classification   Not For Loan Non-fiction D.B.Act.Division D.B.Act.Division 23/04/2018   GOO 23/04/2018 23/04/2018 Periodicals

© Delhi Public Library
Hit Counter
free hit counter